Medicare computer systems : year 2000 challenges put benefits and services in jeopardy : report to congressional requesters /

Bibliographic Details
Corporate Author: United States. General Accounting Office
Format: Government Document Microform Book
Language:English
Published: Washington, D.C. (P.O. Box 37050, Washington 20013) : The Office, [1998]
Subjects:
Online Access:Adobe Acrobat Reader required

MARC

Tag First Indicator Second Indicator Subfields
LEADER 00000cam a2200000 a 4500
001 in00000004831
007 he bmb024bbca
008 990629s1998 dcua bb f000 0 eng c
005 20230331144336.7
035 |a (OCoLC)ocm41623481 
035 |9 AJJ1931AM 
035 |a in00000004831 
037 |a 161234  |b GAO (202) 512-6000 (Voice); (202) 512-6061 (Fax); (202) 512-2537 (TDD)  |f paper copy 
040 |a SEN  |c SEN  |d GPO  |d DLC  |d MvI  |d UtOrBLW 
042 |a pcc 
043 |a n-us--- 
049 |a UMIC 
049 |a WWW 
074 |a 0546-D (MF) 
074 |a 0546-D (online) 
086 0 |a GA 1.13:AIMD-98-284 
088 |a GAO/AIMD-98-284 
088 |a B-280607 
110 1 |a United States.  |b General Accounting Office. 
245 1 0 |a Medicare computer systems :  |b year 2000 challenges put benefits and services in jeopardy : report to congressional requesters /  |c United States General Accounting Office. 
246 3 0 |a Year 2000 challenges put benefits and services in jeopardy 
264 1 |a Washington, D.C. (P.O. Box 37050, Washington 20013) :  |b The Office,  |c [1998] 
300 |a 49 pages :  |b illustrations ;  |c 28 cm. 
336 |a text  |b txt  |2 rdacontent 
337 |a microform  |b h  |2 rdamedia 
338 |a microfiche  |b he  |2 rdacarrier 
500 |a Cover title. 
500 |a Shipping list number: 99-0591-M. 
500 |a "September 1998." 
504 |a Includes bibliographical references. 
500 |a "GAO/AIMD-98-284." 
500 |a "B-280607"--P. 1. 
533 |a Microfiche.  |b [Washington, D.C.] :  |c U.S. General Accounting Office,  |d [1999?]  |e 1 microfiche : negative.  |7 s1999 dcun b 
530 |a Also available via Internet from the GPO Access web site. Address as of 2/20/02: http://frwebgate.access.gpo.gov/cgi-bin/getdoc.cgi?dbname=gao&docid=f:ai98284.pdf; current access is available via PURL. 
500 |a Microform. 
610 1 0 |a United States.  |b Health Care Financing Administration  |x Data processing. 
650 0 |a Medicare  |x Data processing. 
650 0 |a Year 2000 date conversion (Computer systems)  |z United States. 
650 0 |a Electronic data interchange  |z United States. 
650 0 |a Software maintenance  |z United States. 
650 0 |a Administrative agencies  |z United States  |x Data processing. 
776 1 |c Original  |w (OCoLC)40071628 
856 4 1 |u https://purl.fdlp.gov/GPO/LPS17693  |z Adobe Acrobat Reader required  |t 0 
999 |a MARS 
999 f f |i c7c54d7e-0eb3-3139-830a-c9f644d07951  |s 97504893-be6d-353b-bc10-73d0c2c985a0  |t 0 
952 f f |p normal  |a Texas A&M University  |b College Station  |c Sterling C. Evans Library  |d Evans: US Documents Microfiche (3rd floor)  |t 0  |e GA 1.13:AIMD-98-284  |h Superintendent of Documents classification  |i microform -- microfiche  |m A14824502770 
952 f f |a Texas A&M University  |b College Station  |c Electronic Resources  |d Available Online  |t 0  |e GA 1.13:AIMD-98-284  |h Superintendent of Documents classification 
998 f f |a GA 1.13:AIMD-98-284  |t 0  |l Evans: US Documents Microfiche (3rd floor) 
998 f f |a GA 1.13:AIMD-98-284  |t 0  |l Available Online